| 000 | 00810nam a2200265Ia 4500 | ||
|---|---|---|---|
| 003 | GCL | ||
| 008 | 140319s9999 xx 000 0 ara d | ||
| 040 |
_aGCL / _cGCL |
||
| 082 | 0 | 4 |
_aع _b593.4 _bح ا |
| 100 | 1 | _aحسين فرج زين الدين | |
| 245 | 1 | 0 |
_aالاسفنجيات والجوفمعويات / _cحسين فرج زين الدين |
| 260 |
_a[S.N] : _bدار الفكر العربى ، _c1990 |
||
| 300 | _a112 ص | ||
| 490 |
_aعالم الحيوان _v0 |
||
| 650 | 0 | 4 | _aالانثوزوا |
| 650 | 0 | 4 | _aالاسفنج |
| 650 | 0 | 4 | _aصيدا |
| 650 | 0 | 4 | _aاللافقاريات |
| 650 | 0 | 4 | _aصيد |
| 650 | 0 | 4 | _aمصائد الاسفينج |
| 650 | 0 | 4 | _aاعماق البحار |
| 650 | 0 | 4 | _aرواسب الاعماق |
| 650 | 0 | 4 | _aالجوفمعويات |
| 942 |
_2ddc _cBK |
||
| 999 |
_c30598 _d30598 |
||